LEADER 00934nam a2200217 i 4500 001 000000189657 003 CaOOAMICUS 005 20210831103953.0 008 100514s1959 fr u000 u fre u 013 $a167933 040 $aSeMil$bita 245 10$a[Vol. 1]. 300 $aXVIII, 450 p., [1] c. di tav. ripieg. 490 0 $aCollection d'Études augustiniennes. Série antiquité 773 0 $aFontaine, Jacques <1922-2015>$tIsidore de Seville et la culture classique dans l'Espagne wisigothique.$dParis : Études Augustiniennes, 1959-[19--?]$kCollection d'Études augustiniennes. Série antiquité$g1$w()23352 830 0$aCollection d'Études augustiniennes. Série antiquité.$0(OLS)http://semarc/title/9394 850 $aSeMil 852 $aSeMil$W1$xVenegono$y1$m2T V 203$j140288$B140288$CSeMilBibl$Z2$F151907 $81 961 $aOmaggio: Altro 996 $6245$a[Vol. 1]$9(OLS)http://semarc/title/68439 LEADER 00884nam a2200193 i 4500 001 000000049798 003 CaOOAMICUS 005 20120709000000.0 008 120709s1905 xx u000 u lat u 013 $a20969 040 $aSeMil$bita 245 10$aContinens tractatus De legibus in genere, de actibus humanis, de conscientia et de peccatis in genere. 300 $aXV, 291 p. 650 4$aTeologia morale.$0(OLS)http://semarc/subject/91 700 1 $aBerardi, Emilio.$0(OLS)http://semarc/name/12287 773 0 $aBerardi, Emilio$tTheologia moralis theorico-practica.$dFaventiae : Novelli & Castellani, 1904-1905.$gVol.1$w()27046 850 $aSeMil 852 $aSeMil$W1$xVenegono$y1$m2E III 65$j15953$B15953$CSeMilBibl$Z2$F15953 $81 996 $6245$aContinens tractatus De legibus in genere, de actibus humanis, de conscientia et de peccatis in genere$9(OLS)http://semarc/title/75864